Obálka Náhled e-knihy:
PDF Epub
Pro půjčování e-knih musíte být přihlášeni.
Jak si půjčit online?

Insomnia /

Přiznávám, jsem arogantní, pomstychtivý a agresivní sadista, co nemá problém vystřelit druhému mozek z hlavy jen proto, že se na mě špatně podívá. Dokonce i mezi členy arabské mafie se o mně tvrdí, že jsem zvrácený psychopat. Jednu slabost ale mám – sestru svého nejlepšího přítele. Kdyby vě...

Celý popis

Uloženo v:
Hlavní autor: Chaloupková, Kateřina (Autor)
Médium: E-kniha
Jazyk:Czech
Vydáno: Praha : Nakladatelství Solis s.r.o., 2024
Tagy:
Žádné tagy
LEADER 01575nam a22002297i 4500
001 312594
007 ta
008 260601s2024 xr ||||| |||| 00| 0 cze d
020 |a 9990004164567 
044 |a xr 
100 1 |a  Chaloupková, Kateřina  |4 aut 
245 1 0 |a Insomnia /  |c  Chaloupková, Kateřina 
264 1 |a Praha :  |b Nakladatelství Solis s.r.o.,  |c 2024 
300 |a 1 online zdroj (207 stran) 
336 |a text  |b txt  |2 rdacontent 
337 |a bez média  |b n  |2 rdamedia 
338 |a online zdroj  |b cr  |2 rdacarrier 
520 2 |a Přiznávám, jsem arogantní, pomstychtivý a agresivní sadista, co nemá problém vystřelit druhému mozek z hlavy jen proto, že se na mě špatně podívá. Dokonce i mezi členy arabské mafie se o mně tvrdí, že jsem zvrácený psychopat. Jednu slabost ale mám – sestru svého nejlepšího přítele. Kdyby věděl, jak jsem ji zneuctil, tak by mě zabil. Snažil jsem se tomu všemu bránit, ale nakonec nezbyla jiná možnost než se zachovat jako největší zmrd. Hořce jsem toho rozhodnutí litoval. Dny, týdny, měsíce, roky… než se dostala do samotného pekla. 
910 |a RBIT002 
998 |d 416456  |a https://core.palmknihy.cz/api/books/416456/cover?so2kcq  |b https://core.palmknihy.cz/api/books/416456/cover/400?so2kcq  |c https://core.palmknihy.cz/api/books/416456/cover/50?so2kcq  |e 2030-12-05  |g 207  |i 9990004164567  |j https://core.palmknihy.cz/api/books/416456/preview.epub  |k https://core.palmknihy.cz/api/books/416456/preview.pdf  |l   |q 49  |r 1  |s https://www.palmknihy.cz/kniha/416456  |t ebook  |y 2024  |z 1 
999 |d 312592